Name countries close up - Statistics

General Stats
  • This quiz has been taken 22 times
  • The average score is 13 of 16
Answer Stats
Picture Answer % Correct
Egypt
100%
France
100%
Australia
94%
Cuba
94%
Denmark
94%
Japan
94%
South Africa
94%
Brazil
89%
India
89%
Mexico
89%
United States
78%
Indonesia
72%
Canada
67%
Germany
61%
Spain
61%
Sweden
61%
No matching quizzes found
Score Distribution
Percent of People with Each Score
Percentile by Number Answered
Your Score History
You have not taken this quiz